Welcome to the Holygrace Academy Library

Please use search bar below to get started

NOTHRADHAMILE KOONAN (Record no. 7076)

MARC details
000 -LEADER
fixed length control field 00349nam a22001457a 4500
020 ## - INTERNATIONAL STANDARD BOOK NUMBER
ISBN 93878168-7
082 ## - DEWEY DECIMAL CLASSIFICATION NUMBER
Classification number 894.812.3
Item number VIC/N
100 ## - MAIN ENTRY--AUTHOR NAME
Personal name HUGO, VICTOR
245 ## - TITLE STATEMENT
Title NOTHRADHAMILE KOONAN
250 ## - EDITION STATEMENT
Edition statement FIRST EDITION
260 ## - PUBLICATION, DISTRIBUTION, ETC. (IMPRINT)
Place of publication KUNNAMKULAM
Name of publisher RED ROSE PUBLISHING HOUSE
Year of publication 2020
300 ## - PHYSICAL DESCRIPTION
Number of Pages 144
650 ## - SUBJECT ADDED ENTRY--TOPICAL TERM
Topical Term MALAYALAM NOVEL
Geographic subdivision KERALA
942 ## - ADDED ENTRY ELEMENTS (KOHA)
Koha item type Books
Holdings
Withdrawn status Lost status Collection code Home library Current library Shelving location Date acquired Source of acquisition Cost, normal purchase price Full call number Accession Number Koha item type
    Fiction Main Library Main Library NEW SHELF WITH NEW ENTRY 26/10/2023 purchase 80.00 894.812.3 VIC/N 13234 Books